[Event "Mecklenburg VP-ch U12"]
[Site "Malchow"]
[Date "2019.02.06"]
[Round "6.7"]
[White "Ivanov, Alexander4444"]
[Black "Schomerus, Karl"]
[Result "0-1"]
[WhiteElo "1292"]
[BlackElo "1027"]
[PlyCount "42"]
[EventDate "2019.02.02"]
[EventType "swiss"]
[EventRounds "7"]
[EventCountry "GER"]
[SourceTitle "EXT 2022"]
[Source "ChessBase"]
[SourceDate "2021.10.06"]
[SourceVersion "1"]
[SourceVersionDate "2021.10.06"]
[SourceQuality "1"]

1. d4 d5 2. c4 e6 3. Nc3 Nf6 4. Nf3 c6 5. Bg5 Be7 6. e3 Nbd7 7. Be2 dxc4 8. Bxc4 b5 9. Be2 0-0 10. 0-0 a6 11. a4 b4 12. Na2 c5 13. Qc2 cxd4 14. Nxd4 Bb7 15. Rfc1 Rc8 16. Qd1 Qa5 17. Bh4 Qe5 18. Rxc8 Rxc8 19. Nc1 Bd6 20. Bg3 Qd5 21. Bxd6 Qxg2# 0-1

[Event "Mecklenburg VP-ch U12"]
[Site "Malchow"]
[Date "2019.02.04"]
[Round "4.4"]
[White "Schomerus, Karl"]
[Black "Wiechhusen, Laurin Elias"]
[Result "0-1"]
[WhiteElo "1027"]
[BlackElo "1168"]
[PlyCount "112"]
[EventDate "2019.02.02"]
[EventType "swiss"]
[EventRounds "7"]
[EventCountry "GER"]
[SourceTitle "EXT 2022"]
[Source "ChessBase"]
[SourceDate "2021.10.06"]
[SourceVersion "1"]
[SourceVersionDate "2021.10.06"]
[SourceQuality "1"]

1. e4 e5 2. Nf3 Nc6 3. Bc4 Bc5 4. d3 d6 5. Be3 Bb6 6. Nc3 Nf6 7. Qd2 Bxe3 8. fxe3 Be6 9. Bxe6 fxe6 10. 0-0-0 Qd7 11. d4 exd4 12. exd4 0-0-0 13. Qe2 Rhe8 14. e5 Nd5 15. Nxd5 exd5 16. Rhe1 dxe5 17. dxe5 Re7 18. Qb5 a6 19. Qb3 h6 20. Rd3 Na7 21. Red1 c6 22. c4 Qe6 23. cxd5 cxd5 24. Rxd5 Rxd5 25. Rxd5 Rc7+ 26. Kb1 Qf5+ 27. Rd3 Qf4 28. Qd1 Qe4 29. Ne1 Nc6 30. Ka1 Kb8 31. Nc2 Nxe5 32. Rc3 Rxc3 33. bxc3 Nc6 34. Ne1 Qe5 35. Qd2 Qxh2 36. Nf3 Qh1+ 37. Kb2 Qh5 38. Qf2 Qb5+ 39. Kc2 Qf5+ 40. Kd1 Ne5 41. Nxe5 Qxf2 42. Nd3 Qxa2 43. Ke1 Qxg2 44. Nf2 Qc6 45. Kd2 h5 46. Nh3 Qg2+ 47. Kd3 Qxh3+ 48. Kc4 Qxc3+ 49. Kxc3 h4 50. Kd4 h3 51. Kc5 h2 52. Kd6 h1Q 53. Ke6 Qh5 54. Kd7 Qh6 55. Kd8 Qd6+ 56. Ke8 Qc7 0-1

[Event "Mecklenburg VP-ch U12"]
[Site "Malchow"]
[Date "2019.02.02"]
[Round "1.5"]
[White "Schomerus, Karl"]
[Black "Karff, Tom"]
[Result "1-0"]
[WhiteElo "1027"]
[BlackElo "1282"]
[PlyCount "71"]
[EventDate "2019.02.02"]
[EventType "swiss"]
[EventRounds "7"]
[EventCountry "GER"]
[SourceTitle "EXT 2022"]
[Source "ChessBase"]
[SourceDate "2021.10.06"]
[SourceVersion "1"]
[SourceVersionDate "2021.10.06"]
[SourceQuality "1"]

1. e4 e5 2. Nf3 Nc6 3. Bc4 Nf6 4. Ng5 d5 5. exd5 Nxd5 6. 0-0 Be7 7. Bxd5 Qxd5 8. Nc3 Qd8 9. Nf3 Bg4 10. d3 Nd4 11. Re1 Bd6 12. Ne4 Bxf3 13. gxf3 0-0 14. c3 Ne6 15. Nxd6 Qxd6 16. Re4 f5 17. Rc4 Rad8 18. d4 exd4 19. cxd4 Nxd4 20. Be3 Qd5 21. Rxd4 Qxd4 22. Bxd4 c5 23. Qb3+ Rf7 24. Bxc5 b6 25. Bb4 Rdd7 26. Rd1 Kh8 27. Qxf7 Rxd1+ 28. Kg2 Rd8 29. Bc3 Rg8 30. Qxf5 a5 31. a4 h6 32. Kg3 Rb8 33. Qe5 Rg8 34. f4 Kh7 35. Qf5+ g6 36. Qf7+ 1-0